О некоторых успехах физики и астрономии за последние три года; Успехи физических наук; Т. 172, вып. 2

Dades bibliogràfiques
Parent link:Успехи физических наук/ Российская академия наук (РАН).— , 1920-.— 0042-1294
Т. 172, вып. 2.— 2002.— С. 213-219
Autor principal: Гинзбург В. Л.
Idioma:rus
Publicat: 2002
Col·lecció:Физика наших дней
Matèries:
Format: MixedMaterials Capítol de llibre
KOHA link:https://koha.lib.tpu.ru/cgi-bin/koha/opac-detail.pl?biblionumber=457506

MARC

LEADER 00000naa2a2200000 4500
001 457506
005 20231101084827.0
035 |a (RuTPU)RU\TPU\prd\120911 
035 |a RU\TPU\prd\8798 
090 |a 457506 
100 |a 20110921a2002 k y0rusy50 ca 
101 0 |a rus 
102 |a RU 
200 1 |a О некоторых успехах физики и астрономии за последние три года  |f В. Л. Гинзбург 
225 1 |a Физика наших дней 
320 |a Библиогр.: 69 назв. 
461 1 |0 (RuTPU)RU\TPU\prd\399  |x 0042-1294  |t Успехи физических наук  |f Российская академия наук (РАН)  |d 1920- 
463 1 |0 (RuTPU)RU\TPU\prd\120907  |t Т. 172, вып. 2  |v С. 213-219  |d 2002 
610 1 |a астрономия 
610 1 |a физика 
610 1 |a научные проблемы 
700 1 |a Гинзбург  |b В. Л. 
801 1 |a RU  |b 63413507  |c 20021202  |g PSBO 
801 2 |a RU  |b 63413507  |c 20110921  |g RCR 
942 |c BK